000 00353 a2200157 4500
001 59991
020 _a9783192016738
040 _cAnchieta - Pituba
100 _aNovelle, Arthur Schnitzlers
240 1 0 _aFräulein else
_lpor
245 1 0 _aFräulein else
300 _a48
362 0 _a2010
650 4 _aLiteratura juvenil em alemão
942 _cBK
999 _c59991
_d59991